000 00848nam a2200217 i 4500
001 171199
003 ES-MaACL
005 20250831072602.0
008 090505s1967 sp |||| | spa d
100 0 _aGarcía-Villoslada, Ricardo.
_955414
245 1 0 _aHistoria de la Iglesia Católica.
_nT. III,
_pEdad Nueva : La Iglesia en la época del Renacimiento y de la Reforma católica /
_cpor Ricardo García Villoslada, Bernardino Llorca.
250 _a2ª ed.
260 _aMadrid :
_bLa Editorial Católica,
_c1967.
300 _aIX, 1105 p. ;
_c20 cm.
490 1 _aBiblioteca de autores cristianos ;
_v199
650 0 7 _aHistoria eclesiástica
_2embne
_913400
700 1 _aLlorca, Bernardino.
_972853
830 0 0 _aBiblioteca de autores cristianos
_v199
_9178679
852 _aES-MaACL
_jJ-195
_9R.46092
999 _c171199
_d171199